[Event "Heusenstamm Sparkassen op-A 9th"]
[Site "Heusenstamm"]
[Date "2023.11.25"]
[Round "4"]
[White "Dolzhikova, Kateryna"]
[Black "Reschke, Thomas"]
[Result "1/2-1/2"]
[WhiteElo "2323"]
[BlackElo "2108"]
[PlyCount "48"]
[EventDate "2023.11.23"]
[EventType "swiss"]
[EventRounds "7"]
[EventCountry "GER"]
[SourceTitle "CBM 217 Extra"]
[Source "ChessBase"]
[SourceDate "2024.01.31"]
[SourceVersion "1"]
[SourceVersionDate "2024.01.31"]
[SourceQuality "1"]

1. e4 g6 2. d4 Bg7 3. Nc3 c6 4. h4 h5 5. Be3 d5 6. e5 Nh6 7. Qd2 Nf5 8. Bf4 Bh6 9. Bxh6 Nxh6 10. 0-0-0 b5 11. Nh3 Bxh3 12. Rxh3 e6 13. Bd3 Nd7 14. Ne2 Nb6 15. b3 Qe7 16. Kb2 a5 17. Qc3 Kd7 18. Qc5 Qxc5 19. dxc5 Nc8 20. c4 bxc4 21. bxc4 Ne7 22. cxd5 Nxd5 23. Be4 Rhb8+ 24. Rb3 Ng4 1/2-1/2

[Event "Heusenstamm Sparkassen op-A 9th"]
[Site "Heusenstamm"]
[Date "2023.11.24"]
[Round "3"]
[White "Reschke, Thomas"]
[Black "Dorfner, Jeremias"]
[Result "1-0"]
[WhiteElo "2108"]
[BlackElo "1712"]
[PlyCount "89"]
[EventDate "2023.11.23"]
[EventType "swiss"]
[EventRounds "7"]
[EventCountry "GER"]
[SourceTitle "CBM 217 Extra"]
[Source "ChessBase"]
[SourceDate "2024.01.31"]
[SourceVersion "1"]
[SourceVersionDate "2024.01.31"]
[SourceQuality "1"]

1. c4 Nf6 2. g3 g6 3. Bg2 Bg7 4. Nc3 0-0 5. e4 d6 6. Nge2 e5 7. d3 c6 8. 0-0 Nbd7 9. h3 a5 10. Be3 Nc5 11. f4 exf4 12. gxf4 Qe7 13. Qd2 Re8 14. Rae1 Rb8 15. Ng3 b5 16. cxb5 cxb5 17. Bxc5 dxc5 18. e5 Nd7 19. Nd5 Qd8 20. Ne4 Bb7 21. Nd6 Bxd5 22. Bxd5 Re7 23. Nxf7 Rxf7 24. Bxf7+ Kxf7 25. e6+ Kg8 26. exd7 Bd4+ 27. Kh2 Qxd7 28. Qe2 Qd5 29. b3 a4 30. Qe6+ Qxe6 31. Rxe6 axb3 32. axb3 b4 33. Rfe1 Rd8 34. Re8+ Rxe8 35. Rxe8+ Kf7 36. Ra8 h6 37. Ra6 h5 38. Kg2 h4 39. Kf3 Kg7 40. Ke4 Kh7 41. f5 gxf5+ 42. Kxf5 Kg7 43. Ke4 Bf6 44. Rxf6 Kxf6 45. Kd5 1-0

[Event "Wiesbaden op 32nd"]
[Site "Wiesbaden"]
[Date "2023.08.25"]
[Round "2"]
[White "Zimmer, Gerald"]
[Black "Reschke, Thomas"]
[Result "1/2-1/2"]
[WhiteElo "1882"]
[BlackElo "2103"]
[PlyCount "36"]
[EventDate "2023.08.24"]
[EventType "swiss"]
[EventRounds "7"]
[EventCountry "GER"]
[SourceTitle "CBM 216 Extra"]
[Source "ChessBase"]
[SourceDate "2023.11.30"]
[SourceVersion "1"]
[SourceVersionDate "2023.11.30"]
[SourceQuality "1"]

1. d4 g6 2. Bf4 Bg7 3. Nf3 d6 4. c3 Nd7 5. Nbd2 e5 6. dxe5 dxe5 7. Bg3 Qe7 8. e4 Ngf6 9. Bc4 0-0 10. Qc2 a6 11. a4 b6 12. 0-0 Bb7 13. Rfe1 Rad8 14. Rad1 Kh8 15. b4 Nh5 16. Bh4 f6 17. Nf1 Bh6 18. Ne3 Bxe3 1/2-1/2

[Event "Frankfurt-chA"]
[Site "Frankfurt"]
[Date "2017.06.12"]
[Round "7"]
[White "Minor, Samuel"]
[Black "Reschke, Thomas"]
[Result "1/2-1/2"]
[WhiteElo "2186"]
[BlackElo "2095"]
[PlyCount "102"]
[EventDate "2017.04.24"]
[EventType "swiss"]
[EventRounds "7"]
[EventCountry "GER"]
[SourceTitle "EXT 2018"]
[Source "ChessBase"]
[SourceDate "2017.10.13"]
[SourceVersion "1"]
[SourceVersionDate "2017.10.13"]
[SourceQuality "1"]

1. e4 g6 2. d4 Bg7 3. Nc3 c6 4. Nf3 d5 5. h3 Nf6 6. e5 Ne4 7. Nxe4 dxe4 8. Ng5 c5 9. dxc5 Qc7 10. e6 f6 11. Nxe4 Bxe6 12. Bb5+ Nd7 13. Qe2 Bd5 14. 0-0 0-0-0 15. Nc3 Nxc5 16. b4 Ne4 17. Nxd5 Rxd5 18. c4 f5 19. cxd5 Bxa1 20. Bb2 Bxb2 21. Qxb2 Qd8 22. Qe5 Nd6 23. Rc1+ Kb8 24. Bd7 Ka8 25. Re1 Ne4 26. Rc1 Nd6 27. Ba4 Rf8 28. Kh1 a6 29. Re1 Rf7 30. Qd4 Qc7 31. f3 f4 32. Qc5 Kb8 33. Rc1 Qxc5 34. bxc5 Nf5 35. Bb3 Rf6 36. Rc4 Kc7 37. Kg1 g5 38. Re4 b6 39. h4 h6 40. hxg5 hxg5 41. cxb6+ Kxb6 42. Re5 Kc5 43. Bc2 Ne3 44. Be4 g4 45. fxg4 Kd4 46. Rxe7 Nxg4 47. Bf3 Ne5 48. Re6 Rf8 49. Rxa6 Nxf3+ 50. gxf3 Kxd5 51. a4 Rc8 1/2-1/2

[Event "Frankfurt-chA"]
[Site "Frankfurt"]
[Date "2017.05.08"]
[Round "3"]
[White "Teschler, Ulrich"]
[Black "Reschke, Thomas"]
[Result "1/2-1/2"]
[WhiteElo "1973"]
[BlackElo "2095"]
[PlyCount "20"]
[EventDate "2017.04.24"]
[EventType "swiss"]
[EventRounds "7"]
[EventCountry "GER"]
[SourceTitle "EXT 2018"]
[Source "ChessBase"]
[SourceDate "2017.10.13"]
[SourceVersion "1"]
[SourceVersionDate "2017.10.13"]
[SourceQuality "1"]

1. Nc3 g6 2. h4 h5 3. e4 c6 4. Bc4 d6 5. d4 Bg7 6. Nge2 Nf6 7. a3 d5 8. Bd3 dxe4 9. Nxe4 Nxe4 10. Bxe4 Nd7 1/2-1/2

[Event "Hessen-chA"]
[Site "Marburg"]
[Date "2017.??.??"]
[Round "1"]
[White "Bluebaum, Johanna"]
[Black "Reschke, Thomas"]
[Result "0-1"]
[WhiteElo "1977"]
[BlackElo "2118"]
[PlyCount "89"]
[EventDate "2017.05.24"]
[EventType "swiss"]
[EventRounds "7"]
[EventCountry "GER"]
[SourceTitle "EXT 2018"]
[Source "ChessBase"]
[SourceDate "2017.10.13"]
[SourceVersion "1"]
[SourceVersionDate "2017.10.13"]
[SourceQuality "1"]

1. d4 g6 2. c4 Bg7 3. e4 d6 4. Nf3 Bg4 5. Be2 Nc6 6. Be3 e5 7. d5 Nce7 8. Nc3 Bxf3 9. Bxf3 f5 10. Qa4+ Qd7 11. Qxd7+ Kxd7 12. 0-0 Nf6 13. g3 h5 14. h4 Bh6 15. Rad1 Bxe3 16. fxe3 Rag8 17. Bg2 g5 18. exf5 gxh4 19. gxh4 Rg4 20. Rf2 Rxh4 21. e4 Rg8 22. Re1 Rgg4 23. Kf1 Neg8 24. Re3 Nh6 25. Rh3 Rxh3 26. Bxh3 Rg3 27. Rh2 a6 28. Kf2 Rd3 29. Ke2 Rd4 30. Bg2 Rxc4 31. Bf3 Nhg4 32. Bxg4 hxg4 33. Ke3 b5 34. a3 a5 35. Rh6 Ke7 36. Nxb5 Rxe4+ 37. Kd3 g3 38. Rg6 Rg4 39. Rxg4 Nxg4 40. Nc3 g2 41. Ne2 a4 42. b3 axb3 43. a4 Nf6 44. a5 Nxd5 45. a6 0-1

[Event "Hessen-chA"]
[Site "Marburg"]
[Date "2017.??.??"]
[Round "5"]
[White "Tornay Gomez, Josu"]
[Black "Reschke, Thomas"]
[Result "0-1"]
[WhiteElo "2105"]
[BlackElo "2118"]
[PlyCount "48"]
[EventDate "2017.05.24"]
[EventType "swiss"]
[EventRounds "7"]
[EventCountry "GER"]
[SourceTitle "EXT 2018"]
[Source "ChessBase"]
[SourceDate "2017.10.13"]
[SourceVersion "1"]
[SourceVersionDate "2017.10.13"]
[SourceQuality "1"]

1. e4 g6 2. Nc3 c6 3. Bc4 d6 4. d4 Bg7 5. Nf3 Nf6 6. e5 dxe5 7. Nxe5 0-0 8. 0-0 Nbd7 9. f4 Qc7 10. a4 b6 11. Qe1 e6 12. f5 gxf5 13. Qg3 Nxe5 14. dxe5 Ng4 15. Bf4 Nxe5 16. Bh6 f6 17. Rxf5 Kh8 18. Rxe5 Bxh6 19. Qh4 Qxe5 20. Qxh6 Bb7 21. Bd3 f5 22. Ne2 c5 23. Nf4 Qf6 24. Qh3 Qd4+ 0-1

[Event "Frankfurt-chA"]
[Site "Frankfurt"]
[Date "2016.06.06"]
[Round "6"]
[White "Sachse, Guenter"]
[Black "Reschke, Thomas"]
[Result "0-1"]
[WhiteElo "1989"]
[BlackElo "2048"]
[PlyCount "84"]
[EventDate "2016.04.25"]
[EventType "swiss"]
[EventRounds "9"]
[EventCountry "GER"]
[SourceTitle "EXT 2018"]
[Source "ChessBase"]
[SourceDate "2017.10.13"]
[SourceVersion "1"]
[SourceVersionDate "2017.10.13"]
[SourceQuality "1"]

1. e4 g6 2. d4 c6 3. f4 d5 4. e5 h5 5. Nf3 Bg4 6. Be2 e6 7. Be3 Nh6 8. Qd2 Nf5 9. Bf2 Qb6 10. Nc3 Qxb2 11. Rb1 Qa3 12. 0-0 Qe7 13. h3 Bxf3 14. Bxf3 h4 15. Nd1 Qc7 16. Ne3 Nxe3 17. Qxe3 Nd7 18. Qb3 Rb8 19. c4 dxc4 20. Qxc4 Nb6 21. Qc2 Rd8 22. Qb3 Rd7 23. Rfc1 Qd8 24. Be4 Rg8 25. Qf3 Be7 26. Qg4 Kf8 27. Be3 Rxd4 28. Bc2 Rc4 29. Qe2 Bc5 30. Rd1 Qe7 31. Bb3 Bxe3+ 32. Qxe3 Qc5 33. Qxc5+ Rxc5 34. Rd4 Ke7 35. Kf2 Rd8 36. Rbd1 Rxd4 37. Rxd4 Nd5 38. f5 gxf5 39. Rxh4 Nc3 40. Rb4 b5 41. Ke3 Nd5+ 42. Kd4 Rc1 0-1

[Event "Frankfurt-chA"]
[Site "Frankfurt"]
[Date "2016.05.23"]
[Round "4"]
[White "Benninger, Rudolf"]
[Black "Reschke, Thomas"]
[Result "0-1"]
[WhiteElo "1970"]
[BlackElo "2048"]
[PlyCount "62"]
[EventDate "2016.04.25"]
[EventType "swiss"]
[EventRounds "9"]
[EventCountry "GER"]
[SourceTitle "EXT 2018"]
[Source "ChessBase"]
[SourceDate "2017.10.13"]
[SourceVersion "1"]
[SourceVersionDate "2017.10.13"]
[SourceQuality "1"]

1. e4 g6 2. d4 Bg7 3. Nc3 c6 4. f4 d5 5. e5 f6 6. Be3 Nh6 7. Be2 b6 8. Nf3 Bg4 9. Qd2 0-0 10. 0-0-0 Nf5 11. Bf2 Bxf3 12. Bxf3 fxe5 13. dxe5 e6 14. h4 Nd7 15. g4 Ne7 16. Rh3 Rc8 17. h5 gxh5 18. Rg1 h4 19. Bxh4 Qe8 20. Bxe7 Qxe7 21. Ne2 Rf7 22. g5 Rcf8 23. g6 hxg6 24. Qd3 Rf5 25. Bg4 Nxe5 26. fxe5 Rf1+ 27. Kd2 Rxg1 28. Qxg6 Qb4+ 29. Ke3 Rxg4 30. Qxe6+ Rf7 31. Rf3 Qe4+ 0-1

[Event "Frankfurt-chA"]
[Site "Frankfurt"]
[Date "2015.06.15"]
[Round "7"]
[White "Reschke, Thomas"]
[Black "Rudolph, Lukas"]
[Result "1/2-1/2"]
[WhiteElo "2054"]
[BlackElo "1899"]
[PlyCount "42"]
[EventDate "2015.04.27"]
[EventType "swiss"]
[EventRounds "7"]
[EventCountry "GER"]
[SourceTitle "EXT 2016"]
[Source "ChessBase"]
[SourceDate "2015.10.08"]
[SourceVersion "1"]
[SourceVersionDate "2015.10.08"]
[SourceQuality "1"]

1. g3 d5 2. Bg2 c6 3. d3 Nf6 4. Nd2 g6 5. e4 dxe4 6. dxe4 Bg7 7. Ne2 0-0 8. 0-0 Nbd7 9. h3 Nb6 10. c3 Bd7 11. Qc2 Qc8 12. Kh2 c5 13. b3 Bc6 14. Ba3 Nbd7 15. Rad1 b6 16. Nc4 Qb7 17. f3 a5 18. Nf4 a4 19. e5 axb3 20. axb3 Nxe5 21. Nxe5 Rxa3 1/2-1/2

[Event "Frankfurt-chA"]
[Site "Frankfurt"]
[Date "2015.05.18"]
[Round "4"]
[White "Reschke, Thomas"]
[Black "Seickel, Ralf"]
[Result "1-0"]
[WhiteElo "2054"]
[BlackElo "1937"]
[PlyCount "109"]
[EventDate "2015.04.27"]
[EventType "swiss"]
[EventRounds "7"]
[EventCountry "GER"]
[SourceTitle "EXT 2016"]
[Source "ChessBase"]
[SourceDate "2015.10.08"]
[SourceVersion "1"]
[SourceVersionDate "2015.10.08"]
[SourceQuality "1"]

1. c4 Nf6 2. g3 g6 3. Bg2 Bg7 4. Nc3 0-0 5. e3 d6 6. Nge2 Nbd7 7. 0-0 e5 8. d4 c6 9. b3 Qa5 10. a4 Rd8 11. Ba3 exd4 12. exd4 Nf8 13. b4 Qh5 14. Nf4 Qxd1 15. Raxd1 Ne6 16. Nxe6 Bxe6 17. d5 cxd5 18. Nxd5 Nxd5 19. Bxd5 Rac8 20. Bxb7 Rxc4 21. Bd5 Rc3 22. Bb2 Rc2 23. Bxg7 Kxg7 24. b5 Kf6 25. Rd4 Bxd5 26. Rxd5 Ra2 27. Rd4 d5 28. Rfd1 Ke6 29. Kg2 Rd7 30. g4 Rc7 31. Kg3 Rc3+ 32. f3 Raa3 33. Rxd5 Rxf3+ 34. Kg2 Rf4 35. Rd6+ Ke7 36. Rd7+ Kf6 37. R1d6+ Kg7 38. g5 Rb4 39. Rf6 Rb2+ 40. Kg1 Ra1+ 41. Rf1 Rxf1+ 42. Kxf1 a6 43. bxa6 Rb6 44. a7 Ra6 45. Ke2 Rxa4 46. Kd3 h5 47. gxh6+ Kxh6 48. Rxf7 g5 49. Kc3 Kh5 50. Kb3 Ra1 51. Kb4 Kh4 52. Kb5 g4 53. Kb6 Kh3 54. Rh7+ Kg2 55. Rg7 1-0

[Event "Frankfurt-chA"]
[Site "Frankfurt"]
[Date "2015.05.11"]
[Round "3"]
[White "Benikhis, Avram"]
[Black "Reschke, Thomas"]
[Result "1/2-1/2"]
[WhiteElo "1724"]
[BlackElo "2054"]
[PlyCount "48"]
[EventDate "2015.04.27"]
[EventType "swiss"]
[EventRounds "7"]
[EventCountry "GER"]
[SourceTitle "EXT 2016"]
[Source "ChessBase"]
[SourceDate "2015.10.08"]
[SourceVersion "1"]
[SourceVersionDate "2015.10.08"]
[SourceQuality "1"]

1. d4 g6 2. c4 Bg7 3. Nc3 d6 4. e4 Nd7 5. Be3 e5 6. d5 Ne7 7. Qd2 f5 8. Bh6 0-0 9. Bxg7 Kxg7 10. f3 a5 11. h4 Nf6 12. Bd3 f4 13. Nge2 Nh5 14. a4 Ng8 15. 0-0-0 Ngf6 16. Rdg1 Nd7 17. b3 Nc5 18. Bc2 c6 19. Kb2 Kh8 20. Nc1 Rb8 21. Ka2 Rf6 22. Nd3 Qb6 23. Qf2 Ng3 24. Rh2 Bd7 1/2-1/2

[Event "Karl Mala Memorial op-A 17th"]
[Site "Frankfurt"]
[Date "2014.08.03"]
[Round "6"]
[White "Reschke, Thomas"]
[Black "Reh, Stefan"]
[Result "1/2-1/2"]
[WhiteElo "2148"]
[BlackElo "2024"]
[PlyCount "23"]
[EventDate "2014.07.31"]
[EventType "swiss"]
[EventRounds "7"]
[EventCountry "GER"]
[SourceTitle "EXT 2015"]
[Source "ChessBase"]
[SourceDate "2014.11.20"]
[SourceVersion "1"]
[SourceVersionDate "2014.11.20"]
[SourceQuality "1"]

1. c4 e5 2. g3 d5 3. cxd5 Qxd5 4. Nf3 Bb4 5. a3 e4 6. axb4 exf3 7. exf3 Nc6 8. Qe2+ Qe6 9. Qxe6+ Bxe6 10. Bb5 Nge7 11. 0-0 0-0 12. Nc3 1/2-1/2

[Event "Karl Mala Memorial op-A 17th"]
[Site "Frankfurt"]
[Date "2014.08.02"]
[Round "4"]
[White "Reschke, Thomas"]
[Black "Schmitt, Michael"]
[Result "1/2-1/2"]
[WhiteElo "2148"]
[BlackElo "1999"]
[PlyCount "35"]
[EventDate "2014.07.31"]
[EventType "swiss"]
[EventRounds "7"]
[EventCountry "GER"]
[SourceTitle "EXT 2015"]
[Source "ChessBase"]
[SourceDate "2014.11.20"]
[SourceVersion "1"]
[SourceVersionDate "2014.11.20"]
[SourceQuality "1"]

1. c4 e5 2. g3 Nf6 3. Bg2 Bc5 4. Nc3 Nc6 5. e3 d5 6. Nxd5 Nxd5 7. Bxd5 Nb4 8. Be4 f5 9. a3 Nd3+ 10. Bxd3 Qxd3 11. Qe2 Qe4 12. f3 Qc6 13. b4 Be7 14. Bb2 Bf6 15. d4 exd4 16. exd4+ Kf7 17. Kf2 Re8 18. Qd3 1/2-1/2

[Event "Karl Mala Memorial op-A 17th"]
[Site "Frankfurt"]
[Date "2014.08.02"]
[Round "5"]
[White "Speck, Stefan"]
[Black "Reschke, Thomas"]
[Result "1/2-1/2"]
[WhiteElo "2013"]
[BlackElo "2148"]
[PlyCount "24"]
[EventDate "2014.07.31"]
[EventType "swiss"]
[EventRounds "7"]
[EventCountry "GER"]
[SourceTitle "EXT 2015"]
[Source "ChessBase"]
[SourceDate "2014.11.20"]
[SourceVersion "1"]
[SourceVersionDate "2014.11.20"]
[SourceQuality "1"]

1. d4 g6 2. c4 Bg7 3. Nc3 d6 4. Nf3 Bg4 5. e3 Nc6 6. Qa4 Bxf3 7. gxf3 Qd7 8. h4 Nf6 9. f4 e6 10. Bg2 0-0 11. Bf3 h5 12. Bd2 Rfe8 1/2-1/2

[Event "Karl Mala Memorial op-A 17th"]
[Site "Frankfurt"]
[Date "2014.08.01"]
[Round "2"]
[White "Reschke, Thomas"]
[Black "Stock, Juergen"]
[Result "1-0"]
[WhiteElo "2148"]
[BlackElo "1915"]
[PlyCount "55"]
[EventDate "2014.07.31"]
[EventType "swiss"]
[EventRounds "7"]
[EventCountry "GER"]
[SourceTitle "EXT 2015"]
[Source "ChessBase"]
[SourceDate "2014.11.20"]
[SourceVersion "1"]
[SourceVersionDate "2014.11.20"]
[SourceQuality "1"]

1. c4 f5 2. g3 Nf6 3. Bg2 e6 4. Nf3 Be7 5. 0-0 0-0 6. b3 Qe8 7. d4 d6 8. Nc3 Nc6 9. d5 Nd8 10. dxe6 Nxe6 11. e3 g5 12. Bb2 Qg6 13. Qc2 Ng4 14. Nd5 Bd8 15. Rad1 Nc5 16. h3 Nh6 17. Nd2 c6 18. Nc3 Bf6 19. b4 Ne6 20. b5 Bd7 21. Nb3 Nf7 22. Ba3 Qg7 23. bxc6 Bxc6 24. Nd5 f4 25. Qf5 Bxd5 26. Bxd5 Nc7 27. Bxd6 Nxd5 28. Bxf8 1-0

[Event "Karl Mala Memorial op-A 17th"]
[Site "Frankfurt"]
[Date "2014.07.31"]
[Round "1"]
[White "Schimmer, Michael"]
[Black "Reschke, Thomas"]
[Result "0-1"]
[WhiteElo "1812"]
[BlackElo "2148"]
[PlyCount "56"]
[EventDate "2014.07.31"]
[EventType "swiss"]
[EventRounds "7"]
[EventCountry "GER"]
[SourceTitle "EXT 2015"]
[Source "ChessBase"]
[SourceDate "2014.11.20"]
[SourceVersion "1"]
[SourceVersionDate "2014.11.20"]
[SourceQuality "1"]

1. e4 g6 2. d4 Bg7 3. Nc3 c6 4. f4 d5 5. e5 f6 6. Nf3 Bg4 7. Be2 Nh6 8. Be3 0-0 9. Qd2 Nf5 10. Bf2 Nd7 11. 0-0 Bh6 12. exf6 exf6 13. h3 Bxf3 14. Bxf3 Qc7 15. Ne2 Nd6 16. Qd3 f5 17. Bh4 Rae8 18. b3 Nf6 19. c4 Nde4 20. Rac1 Bxf4 21. Rc2 Bh6 22. Bxf6 Rxf6 23. cxd5 Ng3 24. Nxg3 Qxg3 25. dxc6 Re3 26. Qc4+ Kg7 27. cxb7 Bf4 28. Rcf2 Qh2# 0-1

[Event "Frankfurt-chA"]
[Site "Frankfurt"]
[Date "2014.06.16"]
[Round "7"]
[White "Seickel, Ralf"]
[Black "Reschke, Thomas"]
[Result "1/2-1/2"]
[WhiteElo "1905"]
[BlackElo "2090"]
[PlyCount "75"]
[EventDate "2014.04.28"]
[EventType "swiss"]
[EventRounds "7"]
[EventCountry "GER"]
[SourceTitle "EXT 2015"]
[Source "ChessBase"]
[SourceDate "2014.11.20"]
[SourceVersion "1"]
[SourceVersionDate "2014.11.20"]
[SourceQuality "1"]

1. d4 g6 2. e4 Bg7 3. Nc3 c6 4. Nf3 d5 5. Be2 Bg4 6. 0-0 dxe4 7. Nxe4 Nd7 8. h3 Bxf3 9. Bxf3 Ngf6 10. Nxf6+ Nxf6 11. c4 0-0 12. Re1 Qc7 13. Qb3 e6 14. g3 Rad8 15. Bf4 Qb6 16. Qxb6 axb6 17. Rad1 Rd7 18. Rd2 Rfd8 19. Red1 h6 20. h4 Ne8 21. d5 exd5 22. cxd5 c5 23. Bg4 f5 24. Bh3 h5 25. Bf1 Nd6 26. Bxd6 Rxd6 27. Re1 Kf8 28. Bc4 Re8 29. Rxe8+ Kxe8 30. Re2+ Kf7 31. b3 Bf8 32. Kg2 Rd7 33. a4 Kg7 34. f3 Re7 35. Rd2 Rd7 36. Kf2 Bd6 37. f4 Re7 38. Re2 1/2-1/2

[Event "Frankfurt-chA"]
[Site "Frankfurt"]
[Date "2014.05.26"]
[Round "5"]
[White "Blum, Ralph"]
[Black "Reschke, Thomas"]
[Result "0-1"]
[WhiteElo "1897"]
[BlackElo "2090"]
[PlyCount "46"]
[EventDate "2014.04.28"]
[EventType "swiss"]
[EventRounds "7"]
[EventCountry "GER"]
[SourceTitle "EXT 2015"]
[Source "ChessBase"]
[SourceDate "2014.11.20"]
[SourceVersion "1"]
[SourceVersionDate "2014.11.20"]
[SourceQuality "1"]

1. d4 g6 2. c4 Bg7 3. Nc3 d6 4. e4 Nd7 5. Be3 e5 6. d5 Ne7 7. Qd2 f5 8. f3 0-0 9. 0-0-0 Nf6 10. h3 a6 11. Kb1 Bd7 12. Bd3 b5 13. c5 dxc5 14. Bxc5 Rf7 15. Nge2 Nc8 16. exf5 Bxf5 17. Ng3 Nd7 18. Be3 Nd6 19. Nce4 Nf8 20. Rc1 Rc8 21. Rc6 Bxe4 22. Nxe4 Nf5 23. Ng5 Rd7 0-1

[Event "Hofheim Spring op-A 2nd"]
[Site "Hofheim"]
[Date "2014.04.24"]
[Round "4"]
[White "Oezdemir, Ali Oezden"]
[Black "Reschke, Thomas"]
[Result "1/2-1/2"]
[WhiteElo "1882"]
[BlackElo "2178"]
[PlyCount "62"]
[EventDate "2014.04.22"]
[EventType "swiss"]
[EventRounds "9"]
[EventCountry "GER"]
[SourceTitle "CBM 160 Extra"]
[Source "ChessBase"]
[SourceDate "2014.07.01"]
[SourceVersion "1"]
[SourceVersionDate "2014.07.01"]
[SourceQuality "1"]

1. e4 g6 2. d4 Bg7 3. Nc3 d6 4. Bg5 Nc6 5. Nf3 Bg4 6. Bb5 Bxf3 7. gxf3 a6 8. Ba4 b5 9. Nxb5 Kf8 10. Na3 Nxd4 11. c3 Ne6 12. Be3 Nf6 13. Qd2 c5 14. Nc4 Nd7 15. Bxd7 Qxd7 16. Nb6 Qc6 17. Nxa8 Qxa8 18. Bh6 f5 19. Bxg7+ Kxg7 20. Qd5 Qxd5 21. exd5 Nf4 22. 0-0-0 Kf7 23. Kc2 Rc8 24. b3 h5 25. Rd2 h4 26. Rb1 a5 27. a3 Kf6 28. b4 axb4 29. axb4 cxb4 30. Rxb4 g5 31. Ra4 Ng6 1/2-1/2

[Event "Staufer op 26th"]
[Site "Schwaebisch Gmuend"]
[Date "2014.01.06"]
[Round "9"]
[White "Reschke, Thomas"]
[Black "Kraemer, Enrico"]
[Result "1/2-1/2"]
[WhiteElo "2193"]
[BlackElo "2121"]
[PlyCount "100"]
[EventDate "2014.01.02"]
[EventType "swiss"]
[EventRounds "9"]
[EventCountry "GER"]
[SourceTitle "CBM 158 Extra"]
[Source "ChessBase"]
[SourceDate "2014.02.28"]
[SourceVersion "1"]
[SourceVersionDate "2014.02.28"]
[SourceQuality "1"]

1. c4 Nf6 2. g3 g6 3. Bg2 Bg7 4. Nc3 0-0 5. e4 d6 6. Nge2 c5 7. a3 Nc6 8. Rb1 a5 9. d3 Ne8 10. Be3 Nc7 11. d4 cxd4 12. Nxd4 Nxd4 13. Bxd4 Bxd4 14. Qxd4 Ne6 15. Qd1 Bd7 16. h4 Rc8 17. Qe2 Ng7 18. a4 b6 19. b3 h5 20. Rd1 Rc5 21. 0-0 Bg4 22. f3 Be6 23. Kh2 Ne8 24. Bh3 Bxh3 25. Kxh3 Nf6 26. Nd5 Nxd5 27. exd5 Qd7+ 28. Kh2 Kh7 29. Rd3 e5 30. dxe6 fxe6 31. Re1 Rf6 32. Red1 d5 33. f4 Rf5 34. Re3 Rf6 35. Re5 Kg8 36. Qd3 Rf5 37. Rde1 Kf7 38. Rxe6 Qxe6 39. Rxe6 Kxe6 40. cxd5+ Rcxd5 41. Qe3+ Kf7 42. Qxb6 Kg7 43. Qe3 Kg8 44. Kg2 Kg7 45. Kf3 Rc5 46. Ke4 Kg8 47. Qf3 Kf7 48. Kd4 Rc7 49. Qe4 Kf6 50. Qe8 Kg7 1/2-1/2

[Event "Karl Mala Memorial op 15th"]
[Site "Frankfurt"]
[Date "2012.07.08"]
[Round "7"]
[White "Donchenko, Anatoly G"]
[Black "Reschke, Thomas"]
[Result "1-0"]
[WhiteElo "2367"]
[BlackElo "2197"]
[PlyCount "67"]
[EventDate "2012.07.05"]
[EventType "swiss"]
[EventRounds "7"]
[EventCountry "GER"]
[SourceTitle "CBM 149 Extra"]
[Source "ChessBase"]
[SourceDate "2012.08.24"]
[SourceVersion "1"]
[SourceVersionDate "2012.08.24"]
[SourceQuality "1"]

1. Nf3 g6 2. d4 Bg7 3. g3 d6 4. Bg2 Nd7 5. e4 e5 6. 0-0 Ne7 7. c3 0-0 8. Na3 exd4 9. Nxd4 Ne5 10. f4 N5c6 11. Be3 f5 12. exf5 Nxd4 13. Bxd4 Bxd4+ 14. Qxd4 Rxf5 15. Rfe1 Rf7 16. Nc4 Nc6 17. Bxc6 bxc6 18. Ne5 Rg7 19. Nxc6 Qf8 20. Ne7+ Kh8 21. Nxc8 Rxc8 22. Qxa7 h5 23. Qd4 c5 24. Qe3 Kh7 25. Rad1 Rb8 26. b3 Ra8 27. Re2 Ra6 28. c4 Rga7 29. Rdd2 Qf5 30. Kf2 h4 31. Qf3 hxg3+ 32. hxg3 Qb1 33. Rb2 Qd1 34. Re7+ 1-0

[Event "Karl Mala Memorial op 15th"]
[Site "Frankfurt"]
[Date "2012.07.05"]
[Round "1"]
[White "Anders, Eric"]
[Black "Reschke, Thomas"]
[Result "1/2-1/2"]
[WhiteElo "1814"]
[BlackElo "2197"]
[PlyCount "90"]
[EventDate "2012.07.05"]
[EventType "swiss"]
[EventRounds "7"]
[EventCountry "GER"]
[SourceTitle "CBM 149 Extra"]
[Source "ChessBase"]
[SourceDate "2012.08.24"]
[SourceVersion "1"]
[SourceVersionDate "2012.08.24"]
[SourceQuality "1"]

1. e4 g6 2. d4 Bg7 3. Nf3 c6 4. h3 d5 5. e5 f6 6. Bd3 Nh6 7. c3 0-0 8. 0-0 Nf7 9. exf6 exf6 10. Re1 b6 11. Na3 Na6 12. Qe2 Nc7 13. Bf4 Ne6 14. Bh2 Bh6 15. Nc2 Nf4 16. Bxf4 Bxf4 17. Qe7 Bd6 18. Qxd8 Rxd8 19. Re2 Kg7 20. Rae1 Bd7 21. a3 Re8 22. Ne3 b5 23. Kf1 a5 24. Nc2 Rxe2 25. Rxe2 Bf8 26. Nd2 Nd6 27. Ne3 Nc4 28. Ndxc4 bxc4 29. Bc2 Rb8 30. Ba4 Rb7 31. f3 Kf7 32. Kf2 c5 33. Bxd7 Rxd7 34. Rd2 cxd4 35. Rxd4 Bc5 36. Rd2 Re7 37. Re2 d4 38. cxd4 Bxd4 39. f4 Rb7 40. Kf3 Rb3 41. Ke4 Bxe3 42. Rxe3 Rxb2 43. g3 Rd2 44. Rc3 f5+ 45. Ke3 Rh2 1/2-1/2

[Event "Frankfurt-chA"]
[Site "Frankfurt"]
[Date "2012.06.18"]
[Round "7"]
[White "Stock, Juergen"]
[Black "Reschke, Thomas"]
[Result "0-1"]
[WhiteElo "1881"]
[BlackElo "2118"]
[PlyCount "46"]
[EventDate "2012.04.30"]
[EventType "swiss"]
[EventRounds "7"]
[EventCountry "GER"]
[SourceTitle "EXT 2013"]
[Source "ChessBase"]
[SourceDate "2012.11.22"]
[SourceVersion "1"]
[SourceVersionDate "2012.11.22"]
[SourceQuality "1"]

1. d4 g6 2. c3 Bg7 3. Bg5 d6 4. Nd2 h6 5. Bh4 g5 6. Bg3 f5 7. f4 gxf4 8. Bxf4 e5 9. dxe5 dxe5 10. Bg3 Nc6 11. e4 Nf6 12. Bc4 fxe4 13. Qe2 Bg4 14. Qe3 Qd7 15. h3 Bf5 16. 0-0-0 0-0-0 17. Ne2 Nd5 18. Bxd5 Qxd5 19. Nb3 Qc4 20. Bh4 Rd3 21. Qf2 Rf8 22. Ng3 e3 23. Qe2 Rxc3+ 0-1